[Event "Bundesliga 9495"]
[Site "Deutschland"]
[Date "1994.??.??"]
[Round "?.5"]
[White "Loeffler, Stefan"]
[Black "Appel, Ralf"]
[Result "1/2-1/2"]
[WhiteElo "2420"]
[BlackElo "2425"]
[PlyCount "92"]
[EventDate "1994.10.??"]
[EventType "team"]
[EventRounds "15"]
[EventCountry "GER"]
[SourceTitle "Bundesliga 9495"]
[Source "DeepChess"]
[SourceDate "2005.01.01"]
[SourceVersion "1"]
[SourceVersionDate "2005.01.01"]
[SourceQuality "1"]
[WhiteTeam "Hamburger SK 1830 e.V."]
[BlackTeam "SV Castrop Rauxel 1923"]
[WhiteTeamCountry "GER"]
[BlackTeamCountry "GER"]

1. d4 Nf6 2. c4 d6 3. Nc3 Nbd7 4. Nf3 e5 5. e4 g6 6. g3 Bg7 7. Bg2 O-O 8. O-O
c6 9. h3 Re8 10. Be3 Qc7 11. Qc2 exd4 12. Nxd4 a5 13. Rad1 Nc5 14. Rd2 Qe7 15.
Re1 Bd7 16. Bf4 Red8 17. Qd1 Ne8 18. g4 Be5 19. Be3 Ne6 20. Nxe6 Bxe6 21. f4
Bg7 22. Bb6 Rdc8 23. Nd5 Bxd5 24. exd5 Qf6 25. dxc6 bxc6 26. f5 gxf5 27. Rf1
Rab8 28. Rxf5 Qe6 29. c5 dxc5 30. Bxc5 Rb5 31. Re2 Qxa2 32. Qd7 Rcb8 33. Bxc6
Nf6 34. Qd6 Rxb2 35. Rxb2 Qxb2 36. Bg2 Bf8 37. Qxf6 Bxc5+ 38. Kh2 Qxf6 39. Rxf6
Rd8 40. Ra6 Bb4 41. Kg3 Kg7 42. Kf4 Rd3 43. h4 Bd2+ 44. Kf5 Rd4 45. Be4 Rb4 46.
g5 a4 1/2-1/2

[Event "Bundesliga 9495"]
[Site "Deutschland"]
[Date "1994.??.??"]
[Round "?.6"]
[White "Sehner, Norbert"]
[Black "Reefschlaeger, Helmut"]
[Result "1-0"]
[WhiteElo "2410"]
[BlackElo "2370"]
[PlyCount "93"]
[EventDate "1994.10.??"]
[EventType "team"]
[EventRounds "15"]
[EventCountry "GER"]
[SourceTitle "Bundesliga 9495"]
[Source "DeepChess"]
[SourceDate "2005.01.01"]
[SourceVersion "1"]
[SourceVersionDate "2005.01.01"]
[SourceQuality "1"]
[WhiteTeam "SV Castrop Rauxel 1923"]
[BlackTeam "Hamburger SK 1830 e.V."]
[WhiteTeamCountry "GER"]
[BlackTeamCountry "GER"]

1. c4 f5 2. g3 Nf6 3. Bg2 g6 4. b3 Bg7 5. Bb2 O-O 6. e3 d6 7. Ne2 e5 8. O-O Qe7
9. d3 c6 10. Qd2 Be6 11. Nbc3 Nbd7 12. Ba3 g5 13. f4 h6 14. Rae1 Kh8 15. fxe5
Nxe5 16. Nd4 Nfd7 17. e4 f4 18. Nf5 Bxf5 19. exf5 f3 20. Bxf3 Rxf5 21. Bd1
Rxf1+ 22. Rxf1 Rf8 23. d4 Rxf1+ 24. Kxf1 Nf7 25. Kg2 Qf6 26. Bh5 Nd8 27. Bg4
Nf8 28. Ne4 Qxd4 29. Qxd4 Bxd4 30. Nxd6 Ng6 31. Bc8 b6 32. Nf5 Bg7 33. Bd6 c5
34. Kf3 Nc6 35. Ke4 Nb4 36. a3 Nc2 37. Bb8 a5 38. Bc7 Na1 39. Bxb6 Nxb3 40.
Nxg7 Kxg7 41. Bd7 Nd2+ 42. Kd5 Nxc4 43. Kxc4 Ne5+ 44. Kxc5 Nxd7+ 45. Kb5 g4 46.
Bxa5 Kf7 47. a4 1-0

[Event "Bundesliga 9495"]
[Site "Deutschland"]
[Date "1995.??.??"]
[Round "?.1"]
[White "Wahls, Matthias"]
[Black "Lobron, Eric"]
[Result "0-1"]
[WhiteElo "2555"]
[BlackElo "2575"]
[PlyCount "122"]
[EventDate "1994.10.??"]
[EventType "team"]
[EventRounds "15"]
[EventCountry "GER"]
[SourceTitle "Bundesliga 9495"]
[Source "DeepChess"]
[SourceDate "2005.01.01"]
[SourceVersion "1"]
[SourceVersionDate "2005.01.01"]
[SourceQuality "1"]
[WhiteTeam "Hamburger SK 1830 e.V."]
[BlackTeam "SV Empor Berlin e.V."]
[WhiteTeamCountry "GER"]
[BlackTeamCountry "GER"]

1. e4 c5 2. Nf3 Nc6 3. d4 cxd4 4. Nxd4 Nf6 5. Nc3 e6 6. Ndb5 d6 7. Bf4 e5 8.
Bg5 a6 9. Na3 b5 10. Nd5 Be7 11. Bxf6 Bxf6 12. c3 O-O 13. Nc2 Rb8 14. a3 Ne7
15. Ncb4 Nxd5 16. Nxd5 Be6 17. Be2 Bg5 18. O-O Qd7 19. Qd3 Rfc8 20. Rfd1 g6 21.
Qg3 Qd8 22. b4 a5 23. Ra2 h5 24. Rc2 h4 25. Qd3 Kg7 26. c4 axb4 27. axb4 bxc4
28. Rxc4 Rxc4 29. Qxc4 h3 30. g3 Qd7 31. b5 Bd8 32. Qc6 Rb7 33. Rc1 Rb8 34. Bf1
Rc8 35. Qxd7 Bxd7 36. Rb1 Rb8 37. f3 Be6 38. Kf2 Bxd5 39. exd5 Bb6+ 40. Ke2 Ra8
41. Bxh3 Ra2+ 42. Kd3 Ra3+ 43. Kc4 Rxf3 44. Ra1 Re3 45. Ra6 Re4+ 46. Kc3 Bc5
47. Bf1 Re1 48. Bc4 Rc1+ 49. Kb3 f5 50. Ra8 f4 51. gxf4 exf4 52. Re8 f3 53.
Re7+ Kf6 54. Re6+ Kf7 55. Re4 g5 56. Kb2 Rh1 57. h4 Rxh4 58. Rxh4 gxh4 59. Bf1
Kf6 60. Kc2 Ke5 61. Kd3 Kf4 0-1

[Event "Bundesliga 9495"]
[Site "Deutschland"]
[Date "1995.??.??"]
[Round "?.2"]
[White "Kovalev, Andrei"]
[Black "Ftacnik, Lubomir"]
[Result "1/2-1/2"]
[WhiteElo "2545"]
[BlackElo "2605"]
[PlyCount "64"]
[EventDate "1994.10.??"]
[EventType "team"]
[EventRounds "15"]
[EventCountry "GER"]
[SourceTitle "Bundesliga 9495"]
[Source "DeepChess"]
[SourceDate "2005.01.01"]
[SourceVersion "1"]
[SourceVersionDate "2005.01.01"]
[SourceQuality "1"]
[WhiteTeam "SV Empor Berlin e.V."]
[BlackTeam "Hamburger SK 1830 e.V."]
[WhiteTeamCountry "GER"]
[BlackTeamCountry "GER"]

1. e4 c5 2. Nc3 d6 3. f4 g6 4. Nf3 Bg7 5. Bb5+ Bd7 6. Bxd7+ Qxd7 7. O-O Nc6 8.
d3 e6 9. Be3 Nge7 10. Qd2 O-O 11. Qf2 f5 12. Rae1 e5 13. Qh4 Nd4 14. Rf2 fxe4
15. dxe4 Rae8 16. fxe5 Nxf3+ 17. Rxf3 Bxe5 18. Ref1 Rxf3 19. Rxf3 Qe6 20. Rh3
h5 21. Qg5 Rf8 22. Nd5 Nxd5 23. exd5 Qf5 24. Qxf5 Rxf5 25. b3 b5 26. c4 bxc4
27. bxc4 Rf7 28. Bf2 Rf4 29. Rh4 Rf7 30. Re4 Bxh2+ 31. Kxh2 Rxf2 32. Re6 Rxa2
1/2-1/2

[Event "Bundesliga 9495"]
[Site "Deutschland"]
[Date "1995.??.??"]
[Round "?.4"]
[White "Rabiega, Robert"]
[Black "Mueller, Karsten"]
[Result "1/2-1/2"]
[WhiteElo "2460"]
[BlackElo "2470"]
[PlyCount "68"]
[EventDate "1994.10.??"]
[EventType "team"]
[EventRounds "15"]
[EventCountry "GER"]
[SourceTitle "Bundesliga 9495"]
[Source "DeepChess"]
[SourceDate "2005.01.01"]
[SourceVersion "1"]
[SourceVersionDate "2005.01.01"]
[SourceQuality "1"]
[WhiteTeam "SV Empor Berlin e.V."]
[BlackTeam "Hamburger SK 1830 e.V."]
[WhiteTeamCountry "GER"]
[BlackTeamCountry "GER"]

1. e4 d5 2. exd5 Qxd5 3. Nc3 Qa5 4. d4 c6 5. Nf3 Nf6 6. Ne5 Bf5 7. Bd3 Bxd3 8.
Qxd3 Nbd7 9. Nxd7 Nxd7 10. O-O e6 11. Bf4 Be7 12. Qg3 Qf5 13. Qxg7 O-O-O 14.
Qg3 Rhg8 15. Qe3 h5 16. Qe4 Qg4 17. Be3 Qg7 18. Rad1 Nf6 19. Qf3 Ng4 20. Bf4
Rxd4 21. Rxd4 Qxd4 22. Rd1 Qf6 23. h3 e5 24. hxg4 hxg4 25. Bxe5 Qxe5 26. Qe4
Bd6 27. g3 f5 28. Qxe5 Bxe5 29. Rd3 Rd8 30. Rxd8+ Kxd8 31. Nd1 Ke7 32. Kf1 Ke6
33. Ke2 Kd5 34. f3 Bxg3 1/2-1/2

[Event "Bundesliga 9495"]
[Site "Deutschland"]
[Date "1995.??.??"]
[Round "?.5"]
[White "Michaelsen, Nils"]
[Black "Muse, Mladen"]
[Result "1/2-1/2"]
[WhiteElo "2430"]
[BlackElo "2435"]
[PlyCount "47"]
[EventDate "1994.10.??"]
[EventType "team"]
[EventRounds "15"]
[EventCountry "GER"]
[SourceTitle "Bundesliga 9495"]
[Source "DeepChess"]
[SourceDate "2005.01.01"]
[SourceVersion "1"]
[SourceVersionDate "2005.01.01"]
[SourceQuality "1"]
[WhiteTeam "Hamburger SK 1830 e.V."]
[BlackTeam "SV Empor Berlin e.V."]
[WhiteTeamCountry "GER"]
[BlackTeamCountry "GER"]

1. d4 Nc6 2. Nf3 d5 3. g3 Bg4 4. Bg2 e6 5. O-O Be7 6. Nbd2 Nf6 7. c3 O-O 8. Re1
Ne4 9. Nxe4 dxe4 10. Nd2 e5 11. d5 Qxd5 12. Bxe4 Qe6 13. Qb3 Qc8 14. Nf3 Bd6
15. Be3 Be6 16. Bd5 Bxd5 17. Qxd5 Ne7 18. Qc4 Nf5 19. Bc5 e4 20. Nd4 Bxc5 21.
Qxc5 Nd6 22. Rad1 a6 23. Nc2 Re8 24. Ne3 1/2-1/2

[Event "Bundesliga 9495"]
[Site "Deutschland"]
[Date "1995.??.??"]
[Round "?.6"]
[White "Poldauf, Dirk"]
[Black "Reefschlaeger, Helmut"]
[Result "1-0"]
[WhiteElo "2425"]
[BlackElo "2375"]
[PlyCount "55"]
[EventDate "1994.10.??"]
[EventType "team"]
[EventRounds "15"]
[EventCountry "GER"]
[SourceTitle "Bundesliga 9495"]
[Source "DeepChess"]
[SourceDate "2005.01.01"]
[SourceVersion "1"]
[SourceVersionDate "2005.01.01"]
[SourceQuality "1"]
[WhiteTeam "SV Empor Berlin e.V."]
[BlackTeam "Hamburger SK 1830 e.V."]
[WhiteTeamCountry "GER"]
[BlackTeamCountry "GER"]

1. c4 f5 2. Nc3 g6 3. g3 Bg7 4. Bg2 c6 5. e3 d6 6. Nge2 Nf6 7. O-O O-O 8. d3 a5
9. b3 e5 10. Bb2 Na6 11. Qd2 Re8 12. Rae1 Qc7 13. e4 Nc5 14. Kh1 Bd7 15. f4
Rad8 16. Ng1 exf4 17. gxf4 Nh5 18. Nd1 Bc8 19. Bxg7 Qxg7 20. Nf2 Qh6 21. Ngh3
b6 22. exf5 Bxf5 23. Bxc6 Ng3+ 24. hxg3 Bxh3 25. Bxe8 Bxf1+ 26. Kg1 Bh3 27. Bc6
Bc8 28. Re7 1-0

[Event "Bundesliga 9495"]
[Site "Deutschland"]
[Date "1995.??.??"]
[Round "?.7"]
[White "Heinemann, Thies"]
[Black "Volke, Karsten"]
[Result "1/2-1/2"]
[WhiteElo "2400"]
[BlackElo "2440"]
[PlyCount "106"]
[EventDate "1994.10.??"]
[EventType "team"]
[EventRounds "15"]
[EventCountry "GER"]
[SourceTitle "Bundesliga 9495"]
[Source "DeepChess"]
[SourceDate "2005.01.01"]
[SourceVersion "1"]
[SourceVersionDate "2005.01.01"]
[SourceQuality "1"]
[WhiteTeam "Hamburger SK 1830 e.V."]
[BlackTeam "SV Empor Berlin e.V."]
[WhiteTeamCountry "GER"]
[BlackTeamCountry "GER"]

1. e4 c5 2. Nf3 e6 3. c3 d5 4. exd5 exd5 5. d4 Nc6 6. Bb5 Bd6 7. dxc5 Bxc5 8.
O-O Nge7 9. Nbd2 O-O 10. Nb3 Bb6 11. Nbd4 Bg4 12. Be2 Nxd4 13. Nxd4 Bxe2 14.
Nxe2 Nc6 15. Bf4 Re8 16. Re1 d4 17. cxd4 Nxd4 18. Nxd4 Qxd4 19. Qxd4 Bxd4 20.
Be3 Bxe3 21. Rxe3 Rxe3 22. fxe3 Rc8 23. Rd1 Kf8 24. Rd2 Ke7 25. Kf2 Ke6 26. Kf3
Rc5 27. Rd3 Ra5 28. a3 Rf5+ 29. Ke2 Rh5 30. h3 Rg5 31. Kf3 Rc5 32. Rd4 Rf5+ 33.
Ke2 Rb5 34. b4 Rd5 35. Rc4 Kd6 36. Rf4 f6 37. Rc4 h5 38. Rc8 Rg5 39. Kf3 a5 40.
bxa5 Rxa5 41. Rc3 Rf5+ 42. Ke2 Rc5 43. Rb3 Kc6 44. Kf3 Rc4 45. e4 g5 46. Re3
Rc5 47. Rb3 Ra5 48. g3 Rb5 49. Rd3 Rb1 50. Re3 Kd6 51. Rc3 b5 52. h4 Ra1 53.
Rd3+ Kc6 1/2-1/2

[Event "Bundesliga 9495"]
[Site "Deutschland"]
[Date "1995.??.??"]
[Round "?.8"]
[White "Stern, Rene"]
[Black "Wegner, Hannu"]
[Result "1-0"]
[WhiteElo "2400"]
[BlackElo "2350"]
[PlyCount "79"]
[EventDate "1994.10.??"]
[EventType "team"]
[EventRounds "15"]
[EventCountry "GER"]
[SourceTitle "Bundesliga 9495"]
[Source "DeepChess"]
[SourceDate "2005.01.01"]
[SourceVersion "1"]
[SourceVersionDate "2005.01.01"]
[SourceQuality "1"]
[WhiteTeam "SV Empor Berlin e.V."]
[BlackTeam "Hamburger SK 1830 e.V."]
[WhiteTeamCountry "GER"]
[BlackTeamCountry "GER"]

1. d4 d5 2. c4 e6 3. Nf3 c6 4. Nbd2 Nf6 5. g3 c5 6. cxd5 Nxd5 7. Bg2 Nc6 8. O-O
cxd4 9. Nb3 e5 10. Nxe5 Ndb4 11. Nxc6 Nxc6 12. Bxc6+ bxc6 13. Nxd4 Bh3 14. Qa4
Qd5 15. e4 Qxe4 16. f3 Qd5 17. Re1+ Kd7 18. Be3 Bc5 19. Rad1 Kc7 20. Ne6+ Bxe6
21. Rxd5 Bxe3+ 22. Rxe3 cxd5 23. Rc3+ Kd6 24. Qf4+ Ke7 25. Rc7+ Kf8 26. Qd6+
Kg8 27. Rxa7 Rc8 28. Rc7 Ra8 29. b4 h6 30. b5 Kh7 31. b6 Rxa2 32. b7 Rb2 33. g4
h5 34. Qe5 Rb1+ 35. Kf2 Rd8 36. gxh5 Kh6 37. h4 Kh7 38. h6 Rg8 39. hxg7 Rxg7
40. Qh5+ 1-0

[Event "Bundesliga 9495"]
[Site "Deutschland"]
[Date "1995.??.??"]
[Round "?.1"]
[White "Wahls, Matthias"]
[Black "Kuczynski, Robert"]
[Result "1/2-1/2"]
[WhiteElo "2555"]
[BlackElo "2510"]
[PlyCount "83"]
[EventDate "1994.10.??"]
[EventType "team"]
[EventRounds "15"]
[EventCountry "GER"]
[SourceTitle "Bundesliga 9495"]
[Source "DeepChess"]
[SourceDate "2005.01.01"]
[SourceVersion "1"]
[SourceVersionDate "2005.01.01"]
[SourceQuality "1"]
[WhiteTeam "Hamburger SK 1830 e.V."]
[BlackTeam "SV Erfurt West 90"]
[WhiteTeamCountry "GER"]
[BlackTeamCountry "GER"]

1. e4 c5 2. Nf3 d6 3. d4 cxd4 4. Nxd4 Nf6 5. Nc3 a6 6. f4 e5 7. Nf3 Nbd7 8. a4
Be7 9. Bd3 O-O 10. O-O Nc5 11. Kh1 exf4 12. Bxf4 Bg4 13. Be3 Rc8 14. Qe1 Bh5
15. Nd4 Qd7 16. Nf5 Bg6 17. Nxe7+ Qxe7 18. Bg5 Ncd7 19. Nd5 Qe5 20. Nxf6+ Nxf6
21. Bxf6 gxf6 22. Qb4 Rc7 23. Rf3 Re8 24. Raf1 Re6 25. Rf4 Qc5 26. Qe1 d5 27.
Qg3 dxe4 28. Bxe4 Rce7 29. Bf5 Re3 30. Qf2 Qe5 31. b3 Re1 32. Bxg6 hxg6 33. h3
Re2 34. Qf3 f5 35. Qd3 Kg7 36. R4f2 Re3 37. Qd2 Qe4 38. Kg1 Qe5 39. Rd1 Re1+
40. Rxe1 Qxe1+ 41. Qxe1 Rxe1+ 42. Rf1 1/2-1/2

[Event "Bundesliga 9495"]
[Site "Deutschland"]
[Date "1995.??.??"]
[Round "?.3"]
[White "Movsziszian, Karen"]
[Black "Casper, Thomas"]
[Result "1-0"]
[WhiteElo "2470"]
[BlackElo "2435"]
[PlyCount "69"]
[EventDate "1994.10.??"]
[EventType "team"]
[EventRounds "15"]
[EventCountry "GER"]
[SourceTitle "Bundesliga 9495"]
[Source "DeepChess"]
[SourceDate "2005.01.01"]
[SourceVersion "1"]
[SourceVersionDate "2005.01.01"]
[SourceQuality "1"]
[WhiteTeam "Hamburger SK 1830 e.V."]
[BlackTeam "SV Erfurt West 90"]
[WhiteTeamCountry "GER"]
[BlackTeamCountry "GER"]

1. Nf3 Nf6 2. g3 d6 3. Bg2 e5 4. c4 Nbd7 5. Nc3 c6 6. O-O Be7 7. d3 O-O 8. e4
a6 9. Ne1 b5 10. f4 Rb8 11. Kh1 Nb6 12. b3 exf4 13. Bxf4 Bg4 14. Qd2 Nh5 15.
Be3 Qd7 16. Nc2 Bh3 17. Nd4 Bxg2+ 18. Qxg2 g6 19. Rae1 Na8 20. g4 Ng7 21. e5
Rbc8 22. exd6 Bxd6 23. Ne4 Be7 24. g5 Nh5 25. Nf6+ Nxf6 26. gxf6 Bb4 27. Qg5
Rfe8 28. Nf5 Nc7 29. Nh6+ Kh8 30. Re2 Bf8 31. Rf3 Ne6 32. Qh4 Qxd3 33. Nxf7+
Kg8 34. Ne5 Qd1+ 35. Re1 1-0

[Event "Bundesliga 9495"]
[Site "Deutschland"]
[Date "1995.??.??"]
[Round "?.4"]
[White "Jasnikowski, Zbigniew"]
[Black "Michaelsen, Nils"]
[Result "1/2-1/2"]
[WhiteElo "2425"]
[BlackElo "2430"]
[PlyCount "122"]
[EventDate "1994.10.??"]
[EventType "team"]
[EventRounds "15"]
[EventCountry "GER"]
[SourceTitle "Bundesliga 9495"]
[Source "DeepChess"]
[SourceDate "2005.01.01"]
[SourceVersion "1"]
[SourceVersionDate "2005.01.01"]
[SourceQuality "1"]
[WhiteTeam "SV Erfurt West 90"]
[BlackTeam "Hamburger SK 1830 e.V."]
[WhiteTeamCountry "GER"]
[BlackTeamCountry "GER"]

1. d4 d5 2. c4 e6 3. Nc3 c5 4. cxd5 exd5 5. Nf3 Nc6 6. g3 Nf6 7. Bg2 Be7 8. O-O
O-O 9. Bg5 c4 10. Ne5 Be6 11. Nxc6 bxc6 12. b3 Qa5 13. Na4 Rab8 14. e3 Bf5 15.
Bxf6 Bxf6 16. Nc5 Be7 17. bxc4 Bxc5 18. dxc5 dxc4 19. e4 Be6 20. Qd6 Rfd8 21.
Qe5 Rb5 22. Rfd1 Rc8 23. Rac1 Rxc5 24. Qd4 c3 25. Rc2 Rc4 26. Qd3 c5 27. Rdc1
Rd8 28. Qe3 Rcd4 29. h3 Rd3 30. Qf4 c4 31. Bf1 h6 32. Kh2 Rd2 33. Rxc3 Qxa2 34.
Rf3 Rc2 35. Rxc2 Qxc2 36. Ra3 Rd2 37. Kg2 Rd7 38. Ra6 Qd1 39. Rc6 Bxh3+ 40.
Kxh3 Qxf1+ 41. Kh2 Qd1 42. Rxc4 Qh5+ 43. Kg2 a5 44. Rc8+ Kh7 45. Ra8 Rd1 46.
Qf5+ Qxf5 47. exf5 Rd5 48. g4 h5 49. Kg3 hxg4 50. Kxg4 Rd4+ 51. f4 Ra4 52. f6
gxf6 53. Kf5 Kg7 54. Ra6 Ra1 55. Ra8 Rh1 56. Kg4 f5+ 57. Kg5 Rh8 58. Ra6 Rh3
59. Ra8 Rh1 60. Ra6 Rh2 61. Ra8 Rh1 1/2-1/2

[Event "Bundesliga 9495"]
[Site "Deutschland"]
[Date "1995.??.??"]
[Round "?.5"]
[White "Loeffler, Stefan"]
[Black "Troyke, Christian"]
[Result "1-0"]
[WhiteElo "2425"]
[BlackElo "2355"]
[PlyCount "85"]
[EventDate "1994.10.??"]
[EventType "team"]
[EventRounds "15"]
[EventCountry "GER"]
[SourceTitle "Bundesliga 9495"]
[Source "DeepChess"]
[SourceDate "2005.01.01"]
[SourceVersion "1"]
[SourceVersionDate "2005.01.01"]
[SourceQuality "1"]
[WhiteTeam "Hamburger SK 1830 e.V."]
[BlackTeam "SV Erfurt West 90"]
[WhiteTeamCountry "GER"]
[BlackTeamCountry "GER"]

1. d4 Nf6 2. c4 g6 3. Nc3 Bg7 4. e4 d6 5. Nf3 O-O 6. h3 c5 7. d5 e6 8. Bd3 exd5
9. cxd5 Re8 10. O-O a6 11. a4 Nbd7 12. Bf4 Qc7 13. Re1 Nh5 14. Bh2 Ne5 15. Be2
Nxf3+ 16. Bxf3 Nf6 17. e5 dxe5 18. d6 Qa5 19. Bxe5 Bd7 20. Bxb7 Rab8 21. Qf3
Re6 22. Bg3 Nh5 23. Bh2 Bd4 24. Rxe6 fxe6 25. Rf1 Qb6 26. Be4 Rf8 27. Qe2 Nf4
28. Bxf4 Rxf4 29. Bd3 Qxd6 30. Bxa6 Kg7 31. Bb5 Bc8 32. a5 Bb7 33. Qd3 Ba8 34.
Ne2 Rh4 35. Rd1 Qd5 36. Qg3 Re4 37. Bd3 Re5 38. Nxd4 cxd4 39. Rc1 Qxa5 40. b4
Qd5 41. Rc7+ Kg8 42. f3 Re3 43. Bxg6 1-0

[Event "Bundesliga 9495"]
[Site "Deutschland"]
[Date "1995.??.??"]
[Round "?.6"]
[White "Voekler, Bernd"]
[Black "Heinemann, Thies"]
[Result "1-0"]
[WhiteElo "2350"]
[BlackElo "2400"]
[PlyCount "106"]
[EventDate "1994.10.??"]
[EventType "team"]
[EventRounds "15"]
[EventCountry "GER"]
[SourceTitle "Bundesliga 9495"]
[Source "DeepChess"]
[SourceDate "2005.01.01"]
[SourceVersion "1"]
[SourceVersionDate "2005.01.01"]
[SourceQuality "1"]
[WhiteTeam "SV Erfurt West 90"]
[BlackTeam "Hamburger SK 1830 e.V."]
[WhiteTeamCountry "GER"]
[BlackTeamCountry "GER"]

1. e4 c5 2. Nf3 d6 3. d4 cxd4 4. Nxd4 Nf6 5. Nc3 a6 6. Bc4 e6 7. Bb3 Nbd7 8. g4
Nc5 9. f3 h6 10. Qe2 Be7 11. Be3 Bd7 12. O-O-O Qc7 13. h4 O-O-O 14. Qg2 g6 15.
Qd2 Bf8 16. Qf2 b5 17. Kb1 Qb7 18. a3 a5 19. Qe2 b4 20. axb4 axb4 21. Na2 Kb8
22. Qd2 Nxb3 23. Nxb3 Be7 24. Nxb4 Rc8 25. g5 hxg5 26. Bxg5 Ba4 27. Bxf6 Bxf6
28. Qxd6+ Ka8 29. Nc5 Bxc2+ 30. Kxc2 Rxc5+ 31. Qxc5 Rc8 32. Ra1+ Kb8 33. Na6+
Ka8 34. Kd1 Bxb2 35. Ra4 Qb3+ 36. Ke1 Bc3+ 37. Kf1 Qd1+ 38. Kg2 Qc2+ 39. Qf2
Qxa4 40. Qb6 Qc6 41. Rb1 Qxb6 42. Rxb6 Ka7 43. Rd6 Be5 44. Rd7+ Kxa6 45. Rxf7
Rc2+ 46. Kf1 Bd4 47. f4 Kb5 48. Re7 Kc4 49. Rxe6 Kd3 50. f5 Rf2+ 51. Kg1 Ke2
52. Ra6 Kf3 53. Ra3+ Kxe4 1-0

[Event "Bundesliga 9495"]
[Site "Deutschland"]
[Date "1995.??.??"]
[Round "?.7"]
[White "Sievers, Stefan"]
[Black "Machelett, Heiko"]
[Result "1-0"]
[WhiteElo "2355"]
[BlackElo "2315"]
[PlyCount "95"]
[EventDate "1994.10.??"]
[EventType "team"]
[EventRounds "15"]
[EventCountry "GER"]
[SourceTitle "Bundesliga 9495"]
[Source "DeepChess"]
[SourceDate "2005.01.01"]
[SourceVersion "1"]
[SourceVersionDate "2005.01.01"]
[SourceQuality "1"]
[WhiteTeam "Hamburger SK 1830 e.V."]
[BlackTeam "SV Erfurt West 90"]
[WhiteTeamCountry "GER"]
[BlackTeamCountry "GER"]

1. e4 e6 2. d4 d5 3. Nc3 Bb4 4. e5 c5 5. a3 Ba5 6. b4 cxd4 7. Nb5 Bc7 8. f4 a5
9. Qg4 Kf8 10. Bd2 Nc6 11. Nxc7 Qxc7 12. bxa5 Nh6 13. Qh5 Nxa5 14. Bd3 Nc4 15.
Bb4+ Kg8 16. Nf3 Ne3 17. Kd2 Nc4+ 18. Ke2 Bd7 19. Nxd4 Qb6 20. c3 Nf5 21. Bxf5
exf5 22. Rhb1 Qa6 23. Kf2 Nd2 24. Rd1 Ne4+ 25. Ke3 Qg6 26. Qf3 h6 27. Ke2 Kh7
28. Kf1 Rhc8 29. Kg1 Rc4 30. Rd3 Rac8 31. h3 Qb6 32. Kh2 Qc7 33. Rc1 Qb6 34.
Ra1 Be6 35. Rad1 Nc5 36. Re3 Na4 37. Rdd3 R4c7 38. Rd2 Qa6 39. g4 Nb6 40. Rg2
Nc4 41. gxf5 Nxe3 42. Qxe3 Bd7 43. e6 Be8 44. Qg3 fxe6 45. Nxe6 Bh5 46. Bf8 Rf7
47. Bxg7 Rg8 48. Qg6+ 1-0

[Event "Bundesliga 9495"]
[Site "Deutschland"]
[Date "1995.??.??"]
[Round "?.8"]
[White "Brueggemann, Joachim"]
[Black "Wegner, Hannu"]
[Result "1/2-1/2"]
[WhiteElo "2305"]
[BlackElo "2350"]
[PlyCount "126"]
[EventDate "1994.10.??"]
[EventType "team"]
[EventRounds "15"]
[EventCountry "GER"]
[SourceTitle "Bundesliga 9495"]
[Source "DeepChess"]
[SourceDate "2005.01.01"]
[SourceVersion "1"]
[SourceVersionDate "2005.01.01"]
[SourceQuality "1"]
[WhiteTeam "SV Erfurt West 90"]
[BlackTeam "Hamburger SK 1830 e.V."]
[WhiteTeamCountry "GER"]
[BlackTeamCountry "GER"]

1. e4 c5 2. Nf3 d6 3. d4 cxd4 4. Nxd4 Nf6 5. Nc3 a6 6. Bg5 e6 7. Qe2 Be7 8.
O-O-O Nxe4 9. Bxe7 Nxc3 10. Bxd8 Nxe2+ 11. Nxe2 Kxd8 12. Rxd6+ Ke7 13. Rd2 b5
14. Nd4 Bb7 15. Rg1 Nd7 16. g3 Rac8 17. Bg2 Bxg2 18. Rxg2 Ne5 19. f3 Rhd8 20.
Rge2 Nc4 21. Rd3 Kf6 22. f4 h5 23. b3 Nb6 24. Red2 g6 25. Kb2 Nd5 26. Ne2 Ke7
27. a3 Rd7 28. Nc3 Nf6 29. Rxd7+ Nxd7 30. Rd4 Rc6 31. a4 bxa4 32. Nxa4 Nc5 33.
Nxc5 Rxc5 34. c4 a5 35. Kc3 Rc8 36. Rd2 f6 37. Ra2 Rc5 38. Kd4 Kd6 39. Re2 Rc8
40. c5+ Kd7 41. Ra2 Rb8 42. Rxa5 Rxb3 43. Ra7+ Kc6 44. Ra6+ Kd7 45. Rd6+ Ke7
46. Kc4 Rb2 47. h4 Rc2+ 48. Kb4 e5 49. fxe5 fxe5 50. Rxg6 e4 51. g4 Rh2 52.
gxh5 Rxh4 53. Rg5 Kf6 54. Rg6+ Ke7 55. h6 e3+ 56. Kc3 Re4 57. Rg1 e2 58. Re1
Kd7 59. h7 Rh4 60. Rxe2 Rxh7 61. Kc4 Rh1 62. Rb2 Kc7 63. Kb5 Rc1 1/2-1/2

[Event "Bundesliga 9495"]
[Site "Deutschland"]
[Date "1994.??.??"]
[Round "?.1"]
[White "Mokry, Karel"]
[Black "Wahls, Matthias"]
[Result "1/2-1/2"]
[WhiteElo "2530"]
[BlackElo "2540"]
[PlyCount "44"]
[EventDate "1994.10.??"]
[EventType "team"]
[EventRounds "15"]
[EventCountry "GER"]
[SourceTitle "Bundesliga 9495"]
[Source "DeepChess"]
[SourceDate "2005.01.01"]
[SourceVersion "1"]
[SourceVersionDate "2005.01.01"]
[SourceQuality "1"]
[WhiteTeam "SV Tuebingen 1870 e.V."]
[BlackTeam "Hamburger SK 1830 e.V."]
[WhiteTeamCountry "GER"]
[BlackTeamCountry "GER"]

1. e4 d5 2. exd5 Qxd5 3. Nc3 Qa5 4. d4 c6 5. Nf3 Nf6 6. Bd2 Bf5 7. Bc4 e6 8.
Qe2 Bb4 9. Ne5 Nbd7 10. Nxd7 Nxd7 11. a3 Nf6 12. O-O Bxc3 13. Bxc3 Qc7 14. Bb3
O-O 15. f3 Rfe8 16. Be1 b5 17. g4 Bg6 18. Bg3 Qb6 19. Qf2 Nd5 20. Rfe1 Rad8 21.
Rad1 a5 22. c3 Qb7 1/2-1/2